Mexico, cantera y forja /
Esta obra celebra los primores de la mexicanidad a través de poemas sobre ciudades, acuedúctos, pájaros, árboles de México. El autor es un poeta y filósofo moreliano radicado en Guanajuato.
Sparad:
| Huvudupphov: | |
|---|---|
| Materialtyp: | Bok |
| Språk: | spanska |
| Utgiven: |
Guanajuato, México :
Universidad de Guanajuato, Taller de Investigaciones Humanísticas,
1977
|
| Ämnen: | |
| Taggar: |
Inga taggar, Lägg till första taggen!
|
MARC
| LEADER | 00000nam^a2200000^a^4500 | ||
|---|---|---|---|
| 001 | 000040882 | ||
| 005 | 20250521000000.0 | ||
| 009 | 20260310085638.479 | ||
| 037 | |a Acervo ITESO - Biblioteca | ||
| 041 | |a ESP | ||
| 082 | |a 861. |b RUI | ||
| 100 | |a Ruiz Gaytán, Alberto |e (autor) | ||
| 245 | 1 | 0 | |a Mexico, cantera y forja / |c A. Ruiz Gaytán; Ilustraciones de Jesús Morales Rivera; Pról. de Agustín Basave Fernández del Valle. |
| 264 | 1 | |a Guanajuato, México : |b Universidad de Guanajuato, Taller de Investigaciones Humanísticas, |c 1977 | |
| 300 | |a 1 v. | ||
| 336 | |a texto |b txt |2 rdacontenido | ||
| 337 | |a sin mediación |b n |2 rdamedio | ||
| 338 | |a volumen |b nc |2 rdasoporte | ||
| 520 | |a Esta obra celebra los primores de la mexicanidad a través de poemas sobre ciudades, acuedúctos, pájaros, árboles de México. El autor es un poeta y filósofo moreliano radicado en Guanajuato. | ||
| 649 | |a XX | ||
| 650 | |a Poesía Mexicana | ||
| 650 | |a Literatura Mexicana - |y Siglo XX | ||
| 650 | |a México en la Literatura | ||
| 910 | |a Fondo General | ||
| 920 | |a Impresos - Libros | ||
| 930 | |a Colección General | ||
| 940 | |a Literatura | ||
| 905 | |a 101 | ||
| 901 | |a 0408820100 |b IT1 |c LIT |i 040882 |u 20250521 | ||
| 902 | |a https://opac.biblio.iteso.mx/vufind/Record/000040882 | ||